| 000 | 00498nam a2200157Ia 4500 | ||
|---|---|---|---|
| 005 | 20250508155947.0 | ||
| 008 | 008 250505s9999 xx 000 0 eng d | ||
| 037 | _aBooks to be hide in OPAC | ||
| 040 |
_aFEDL _beng _cFEDL |
||
| 041 |
_aeng _2eng |
||
| 084 |
_a370.70941, BUR/O _qFEDL |
||
| 245 | 0 | _aReport on the training colleges of Scotland and a comparison with the work of training in Burma | |
| 300 | _a47p. | ||
| 942 |
_cHB _h370.70941, BUR/O |
||
| 999 |
_c1360451 _d1360451 |
||